Le cardinal Ximenes [de Cisneros] franciscani et la situation de l'Eglise en Espagne á la fin du XVe. et au commencement du XVIe. siecle (Record no. 155176)
[ view plain ]
| 000 -LEADER | |
|---|---|
| campo de control de longitud fija | 01183nam a2200253 i 4500 |
| 001 - NÚMERO DE CONTROL | |
| campo de control | 155176 |
| 003 - IDENTIFICADOR DE NÚMERO DE CONTROL | |
| campo de control | ES-MaACL |
| 005 - FECHA Y HORA DE LA ÚLTIMA TRANSACCIÓN | |
| campo de control | 20251015145632.0 |
| 008 - DATOS DE LONGITUD FIJA--INFORMACIÓN GENERAL | |
| campo de control de longitud fija | 971001s1856 fr |||| | fre d |
| 040 ## - FUENTE DE CATALOGACIÓN | |
| Centro catalogador/agencia de origen | AR |
| Lengua de catalogación | spa |
| Centro/agencia transcriptor | AR |
| 100 1# - ENTRADA PRINCIPAL--NOMBRE DE PERSONA | |
| Nombre de persona | Hefele, Karl Joseph von, |
| Fechas asociadas al nombre | 1809-1893 |
| 9 (RLIN) | 62309 |
| 245 13 - MENCIÓN DEL TÍTULO | |
| Título | Le cardinal Ximenes [de Cisneros] franciscani et la situation de l'Eglise en Espagne á la fin du XVe. et au commencement du XVIe. siecle |
| Resto del título | : avec une dissertation our l'inquisition / |
| Mención de responsabilidad, etc. | par Hefelé ; traduit par MM. Charles Sainte-Foi et P.-A de Bermond avec des notes des traducteurs. |
| 260 ## - PUBLICACIÓN, DISTRIBUCIÓN, ETC. | |
| Lugar de publicación, distribución, etc. | Paris : |
| Nombre del editor, distribuidor, etc. | Libr. de Mme. Ve. Poimelque-Rusand, |
| Fecha de publicación, distribución, etc. | 1856 ( |
| Lugar de fabricación/manufactura | Tours : |
| Fabricante | Imp. Mame) |
| 300 ## - DESCRIPCIÓN FÍSICA | |
| Extensión | XVI, 588 p. ; |
| Dimensiones | 21 cm. |
| 490 1# - MENCIÓN DE SERIE | |
| Mención de serie | Bibliothèque franciscaine |
| 600 14 - PUNTO DE ACCESO ADICIONAL DE MATERIA--NOMBRE DE PERSONA | |
| Nombre de persona | Jiménez de Cisneros, Francisco, |
| Fechas asociadas al nombre | 1436-1517 |
| 9 (RLIN) | 66495 |
| 650 #4 - PUNTO DE ACCESO ADICIONAL DE MATERIA--TÉRMINO DE MATERIA | |
| Término de materia o nombre geográfico como elemento de entrada | Inquisición- |
| Subdivisión geográfica | España- |
| Subdivisión de forma | Historia. |
| 9 (RLIN) | 13799 |
| 651 ## - PUNTO DE ACCESO ADICIONAL DE MATERIA--NOMBRE GEOGRÁFICO | |
| Nombre geográfico | España- |
| Subdivisión general | Historia- |
| Subdivisión cronológica | 1474-1516, Reyes Católicos. |
| 9 (RLIN) | 8222 |
| 700 1# - ENTRADA AGREGADA--NOMBRE PERSONAL | |
| Nombre de persona | Sainte-Foi, Charles ( |
| Fechas asociadas al nombre | 1806-1861) |
| 9 (RLIN) | 132301 |
| 700 1# - ENTRADA AGREGADA--NOMBRE PERSONAL | |
| Nombre de persona | Bermond, P.A. de. |
| 9 (RLIN) | 125940 |
| 830 0# - PUNTO DE ACCESO ADICIONAL DE SERIE-TÍTULO UNIFORME | |
| Título uniforme | Bibliothèque franciscaine |
| 9 (RLIN) | 221544 |
| 852 ## - LOCALIZACIÓN | |
| Ubicación | ES-MaACL |
| Número de control de estantería | C-359 |
| Nota libre | -- Enc. hol. |
| Estatus retirado | Estado de pérdida | Estado de daño | No para préstamo | Colección | Biblioteca de origen | Biblioteca actual | Ubicación en estantería | Fecha de adquisición | Fuente de adquisición | Total de préstamos | Signatura topográfica completa | Código de barras | Visto por última vez | Precio de reemplazo | Tipo de ítem Koha |
|---|---|---|---|---|---|---|---|---|---|---|---|---|---|---|---|
| Libros del s. XIX | Biblioteca del Ateneo de Madrid | Biblioteca del Ateneo de Madrid | Sala Palomar | 17/01/2008 | C-359 | 1162322 | 23/02/2023 | 23/02/2023 | Libro impreso antiguo |
